[Event "Portugal Open 2019"]
[Site "Lisbon"]
[Date "2019.02.02"]
[Round "1.9"]
[White "Annaberdiev, Meilis"]
[Black "Thibault, Pierre-olivier"]
[Result "1-0"]
[WhiteElo "2522"]
[BlackElo "1994"]
[Annotator "TA"]
[PlyCount "75"]
[EventDate "2019.01.25"]
[EventType "swiss"]
[EventCountry "POR"]
[SourceTitle "playchess.com"]
[Source "ChessBase"]
[SourceQuality "1"]

{[%evp 13,75,20,20,20,25,20,30,33,45,25,27,35,75,19,29,21,29,24,33,21,26,37,174,181,169,124,514,434,437,435,421,338,349,360,328,355,304,255,260,208,211,187,187,185,184,179,178,174,222,222,222,214,214,210,254,214,286,268,277,266,291,274,29980,29981]} 1. e4 c5 2. Nf3 d6 3. Bb5+ Nd7 4. d4 Ngf6 (4... cxd4 5. Qxd4 Ngf6 {½-½ (27) Kasparov,G (2812)-Nepomniachtchi,I (2751) Saint Louis 2017}) 5. Nc3 cxd4 6. Qxd4 e5 7. Qd3 h6 8. a4 $146 {B51: Sicilian: Moscow Variation (3 Bb5+) without 3...Bd7} (8. Be3 a6 9. Bc4 Be7 10. a4 Qc7 11. O-O O-O 12. Nd2 Nb6 13. Bxb6 Qxb6 14. a5 Qc7 15. Nd5 Nxd5 16. Bxd5 Be6 17. Nc4 Kh8 18. c3 Rad8 19. Rfd1 Bg5 20. Nb6 Bg4 21. f3 Be6 22. g3 h5 23. h4 Bh6 24. Nc4 Bc8 25. Nb6 Be6 26. Nc4 Bc8 27. Nb6 {½-½ (27) Kasparov,G (2812)-Nepomniachtchi,I (2751) Saint Louis 2017}) ({Predecessor:} 8. Be3 a6 9. Bc4 Qc7 {½-½ (52) Nezad,H (2372)-Jenni,F (2544) Biel 2008}) 8... a6 9. Bc4 Qc7 10. Be3 {White has an edge.} Nc5 11. Bxc5 $1 Qxc5 12. O-O Bd7 ({Predecessor:} 12... Be7 13. Nd5 Nxd5 14. Bxd5 Rb8 15. Ra3 O-O 16. Rc3 {½-½ (52) Nezad,H (2372)-Jenni,F (2544) Biel 2008}) 13. b4 (13. Nd5 $16) 13... Qc7 $11 14. Nd5 $36 {[%mdl 2048] White fights for an advantage.} Nxd5 $1 15. Bxd5 Be7 16. a5 Rc8 17. c4 b5 (17... O-O $14) 18. axb6 $1 $18 Qxb6 19. c5 dxc5 $2 {[%mdl 8192] [#]} (19... Qb5 $16 {is a better chance.} 20. Qc3 O-O) 20. Bxf7+ $1 {[%mdl 576] Decoy} Kxf7 21. Nxe5+ {[%mdl 64] Double Attack} ({Weaker is} 21. Qxd7 Rhe8 $16) 21... Kg8 {White must now prevent ...Bb5.} 22. Qxd7 Rc7 23. Rxa6 {[%mdl 64] Deflection} Qxa6 24. Qxc7 Qe6 25. bxc5 Kh7 26. Nf3 Rc8 27. Qb6 Qxe4 {[#]} 28. Re1 $1 {[%cal Re1e4]} Bxc5 29. Qxh6+ $1 ({Resist} 29. Rxe4 $6 Bxb6 30. Kf1 Rc2 $14) 29... Kxh6 30. Rxe4 {[%mdl 4096] Endgame KRB-KRN} Bb4 31. g3 Bc3 32. Re6+ Bf6 33. h4 Kh5 34. Kg2 Rc2 35. Rd6 Be7 36. Rd5+ Kh6 37. Nd4 Rc5 $2 (37... Rc7 $18 38. Nf5+ Kg6 39. Nxe7+ Rxe7) 38. Nf5+ {[%mdl 64] Double Attack. Accuracy: White = 65%, Black = 37%.} 1-0

[Event "Portugal Open 2019"]
[Site "Lisbon"]
[Date "2019.02.02"]
[Round "1.10"]
[White "Martins, Diogo Faria Oliveir"]
[Black "Jakubowski, Krzysztof"]
[Result "0-1"]
[WhiteElo "1993"]
[BlackElo "2514"]
[Annotator "TA"]
[PlyCount "68"]
[EventDate "2019.01.25"]
[EventType "swiss"]
[EventCountry "POR"]
[SourceTitle "playchess.com"]
[Source "ChessBase"]
[SourceQuality "1"]

{[%evp 21,68,10,22,18,31,21,19,-7,-7,-10,-9,0,0,-8,0,-16,0,0,11,-45,-38,-100,-57,-85,-72,-237,-122,-134,-128,-172,-134,-104,-127,-311,-295,-295,-290,-251,-238,-383,-373,-378,-308,-812,-815,-1872,-1866,-1684,-1687]} 1. e4 c5 2. Nf3 d6 3. d4 cxd4 4. Nxd4 Nf6 5. Nc3 a6 6. Bg5 e6 7. f4 Be7 8. Qf3 Qc7 9. O-O-O Nbd7 10. g4 O-O 11. Bxf6 Bxf6 12. g5 {B99: Sicilian Najdorf: 6 Bg5 e6 7 f4 Be7 8 Qf3 Qc7 9 0-0-0 Nbd7} Bxd4 13. Rxd4 b5 {[%cal Bb7b5,Bb5b4][%mdl 32]} 14. Bg2 {The position is equal.} Rb8 15. Rhd1 Nc5 $146 {White must now prevent ...b4.} ({Predecessor:} 15... b4 16. Ne2 Nc5 17. Kb1 Rb6 {0-1 (27) Bentsen,O (2185)-Jakubowski,K (2479) Gausdal 2005}) 16. Kb1 Rb6 (16... b4 $5 17. Ne2 $8 Rb6 $11) 17. f5 b4 18. Ne2 e5 19. R4d2 $1 a5 $1 20. f6 (20. h4 $11) 20... g6 $15 21. Qg3 (21. h4 $1 $15) 21... a4 22. Qh4 {Qh6 is the strong threat.} Kh8 $1 23. Bh3 $2 (23. Bf3 $17 {is a better defense.}) 23... Bb7 (23... b3 $1 $19 {Hoping for ...Bxh3.} 24. axb3 (24. Qh6 $2 Rg8 $19) 24... Bxh3 25. Qxh3 axb3) 24. Bg2 $17 Ba6 25. Bf1 Ne6 26. Qh6 {[#]} Rg8 $1 27. Rd3 $2 (27. Nc1 $17 {was worth a try.}) 27... Bxd3 $19 28. Rxd3 {Intending Qxh7+! and mate.} Nf8 29. Qh3 Qc5 30. Nc1 (30. Qe3 $142) 30... Rc6 ({Stronger than} 30... Ne6 {[#]} 31. Qxh7+ $1 {[%mdl 512]} Kxh7 32. Rh3#) 31. c3 a3 {[%cal Ba4a3,Ba3b2][%mdl 32]} 32. Nb3 $2 (32. b3) 32... Qf2 {[%csl Ga3][%cal Rf2b2] Black is clearly winning.} 33. Rd2 Qe1+ {[%mdl 64] Double Attack} 34. Kc2 axb2 {Accuracy: White = 23%, Black = 68%.} 0-1

[Event "Portugal Open 2019"]
[Site "Lisbon"]
[Date "2019.02.02"]
[Round "1.11"]
[White "Stefansson, Hannes"]
[Black "Myrheim, Hakon Abeland"]
[Result "1-0"]
[WhiteElo "2514"]
[BlackElo "1993"]
[Annotator "RC"]
[PlyCount "41"]
[EventDate "2019.01.25"]
[EventType "swiss"]
[EventCountry "POR"]
[SourceTitle "playchess.com"]
[Source "ChessBase"]
[SourceQuality "1"]
[TimeControl "5400+30"]

1. e4 {[%emt 0:00:00]} c5 {[%emt 0:00:00]} 2. Nf3 {[%emt 0:00:00]} Nc6 {[%emt 0:00:00]} 3. Bb5 {[%emt 0:00:38]} Nf6 {[%emt 0:00:00]} 4. e5 {[%emt 0:00:42]} Nd5 {[%emt 0:00:00]} 5. Nc3 {[%emt 0:00:41]} Nc7 {[%emt 0:00:42]} 6. Bxc6 {[%emt 0:00:35]} dxc6 {[%emt 0:00:07]} 7. h3 {[%emt 0:01:38]} Bf5 {[%emt 0:03:19]} 8. d3 {[%emt 0:01:43]} e6 {[%emt 0:01:12]} 9. Bg5 {[%emt 0:02:50]} Qd7 {[%emt 0:05:31]} 10. O-O {[%emt 0:06:52]} h6 {[%emt 0:02:14]} 11. Bh4 {[%emt 0:01:35]} g5 {[%emt 0:01:31]} 12. Bg3 {[%emt 0:00:06]} Be7 {[%emt 0:03:00]} 13. Nd2 {[%emt 0:05:21]} h5 {[%emt 0:05:14]} 14. Nce4 {[%emt 0:00:25]} O-O-O {[%emt 0:11:36]} 15. Nc4 {[%emt 0:00:49]} Bxe4 {[%emt 0:02:33]} 16. dxe4 {[%emt 0:00:06]} Qxd1 {[%emt 0:02:25]} 17. Raxd1 {[%emt 0:00:09]} Rd4 {[%emt 0:06:41]} 18. Nd6+ Bxd6 {[%emt 0:00:13]} 19. exd6 {[%emt 0:01:12]} Ne8 {[%emt 0:01:42]} 20. Be5 {[%emt 0:00:55]} Rxd1 {[%emt 0:00:08]} 21. Rxd1 {[%emt 0:00:07]} 1-0

[Event "Portugal Open 2019"]
[Site "Lisbon"]
[Date "2019.02.02"]
[Round "1.12"]
[White "Kocian, Miroslav"]
[Black "Spraggett, Kevin"]
[Result "0-1"]
[WhiteElo "1992"]
[BlackElo "2513"]
[Annotator "TA"]
[PlyCount "110"]
[EventDate "2019.01.25"]
[EventType "swiss"]
[EventCountry "POR"]
[SourceTitle "playchess.com"]
[Source "ChessBase"]
[SourceQuality "1"]

{[%evp 13,110,0,7,-21,5,-12,-13,-12,-6,-15,-16,-50,-18,-28,0,2,0,0,7,7,19,-31,-31,-37,-35,-91,-76,-95,-83,-139,-139,-131,-128,-148,-140,-288,-283,-289,-262,-259,-259,-269,-255,-261,-258,-257,-230,-263,-256,-293,-285,-285,-285,-285,-285,-279,-168,-279,-279,-297,-287,-291,-301,-289,-298,-291,-289,-260,-244,-340,-332,-339,-338,-622,-610,-608,-589,-788,-781,-926,-894,-5288,-5010,-5933,-5275,-29960,-29961,-29971,-29972,-6061,-7044,-29975,-5720,-29978,-29979,-29978,-29978,-6033,-5933]} 1. e4 c6 2. d4 d5 3. exd5 cxd5 4. c4 Nf6 5. Nc3 e6 6. Nf3 Bb4 7. Qb3 Nc6 8. a3 {B14: Caro-Kann: Panov-Botvinnik Attack with 5...e6 and 5...g6} (8. Bd3 dxc4 9. Bxc4 Be7 10. Be3 O-O 11. Bb5 Bd7 12. O-O Na5 13. Qa4 Bxb5 14. Qxb5 a6 15. Qe2 Rc8 {½-½ (45) Salov,V (2715)-Karpov,A (2765) Almaty 1995}) 8... Ba5 9. Bg5 h6 10. Bxf6 {The position is equal.} Qxf6 11. cxd5 $146 ({Predecessor:} 11. Rd1 O-O 12. Be2 Bb6 13. c5 Bc7 14. Qc2 Rd8 15. b4 a6 {0-1 (36) Ramirez,C (2200)-Requejo,O (2265) Peru 2000}) 11... exd5 12. Bb5 O-O {Strongly threatening ...Bh3!} 13. O-O Nxd4 14. Nxd4 Qxd4 15. Rad1 Qh4 16. Nxd5 Be6 17. Qa4 (17. Be2 {looks sharper.} Bb6 18. g3 Bxd5 19. Qxd5 Qe7 20. Bf3) 17... Qxa4 18. Bxa4 Rfd8 19. Ne3 (19. Bb3 $15) 19... Bd2 $17 20. Bc2 Rac8 21. Be4 ({White should play} 21. Bf5) 21... Bb3 22. Rb1 b6 23. Nf5 {Black should prevent Ne7+.} Kf8 {Hoping for ...Bc4.} 24. f4 (24. Ne3 $17) 24... g6 $19 25. Ng3 f5 26. Bb7 Rc7 27. Ba6 Bc2 28. Ra1 Be3+ 29. Kh1 Bd4 30. h4 h5 31. Kh2 Bxb2 32. Ra2 {[#]} Bf6 $1 33. Rc1 Rd2 34. Ne2 Rc5 35. a4 (35. Kh3 $142) 35... Bxh4 36. Bb5 Bf6 37. Kg1 h4 38. Kf1 {White hopes to continue with Ke1.} Rd1+ 39. Rxd1 Bxd1 40. Rd2 {[#]} a6 $1 {[%mdl 64] Deflection} 41. Bxa6 Bxa4 42. Rd6 Rc6 43. Rd2 $2 (43. Rd5) 43... b5 {[%cal Bb6b5,Bb5b4,Bb4b3,Bb3b2][%mdl 32]} 44. Bb7 Rc7 45. Bd5 Rd7 46. Ke1 b4 47. Ra2 Rxd5 48. Rxa4 {[%mdl 4096] Endgame KRB-KRN} b3 49. Ra6 Kg7 50. Ra7+ Kh6 51. Rb7 b2 52. Rb6 Bg7 (52... Ra5 $142 53. Kd1 Ra1+ 54. Kc2 Re1 55. Kd3 b1=Q+ 56. Rxb1 Rxb1 57. Ke3 Rb3+ 58. Kd2 Rb2+ 59. Kd3 g5 60. fxg5+ Bxg5 61. Nd4 Rd2+ 62. Kc4 Kg6 63. Kc5 Be3 64. Kc6 Bxd4 65. Kd6 Rxg2 66. Kd5 h3 67. Kxd4 h2 68. Kc4 h1=Q 69. Kd3 Qd1+ 70. Kc3 Rc2+ 71. Kb4 Qb1+ 72. Ka5 Ra2#) 53. Rb7 Ra5 54. Kd2 Ra1 55. Kc2 Re1 {Accuracy: White = 29%, Black = 75%.} 0-1

[Event "Portugal Open 2019"]
[Site "Lisbon"]
[Date "2019.02.02"]
[Round "1.13"]
[White "Dvirnyy, Danyyil"]
[Black "Rionda Medio, Angel Arturo"]
[Result "1-0"]
[WhiteElo "2487"]
[BlackElo "1992"]
[Annotator "TA"]
[PlyCount "61"]
[EventDate "2019.01.25"]
[EventType "swiss"]
[EventCountry "POR"]
[SourceTitle "playchess.com"]
[Source "ChessBase"]
[SourceQuality "1"]

{[%evp 13,61,18,51,52,56,49,50,0,4,0,187,189,286,286,325,329,568,462,627,627,688,674,793,525,712,706,696,776,750,702,687,675,681,527,521,483,786,774,800,467,505,444,395,253,843,847,844,843,878,878]} 1. e4 e6 2. d4 d5 3. Nc3 Bb4 4. e5 c5 5. a3 Bxc3+ 6. bxc3 Qa5 7. Bd2 c4 8. Qg4 {C18: French: 3 Nc3 Bb4: Main line: 7 h4 and 7 Qg4} (8. h4 Ne7 9. h5 h6 10. Nh3 Qa4 11. Nf4 Nbc6 12. g3 Bd7 13. Bh3 O-O-O 14. O-O Kb8 15. Kh2 Ka8 {0-1 (35) Svidler,P (2753)-Yu,Y (2759) Shenzhen 2018}) 8... Kf8 9. h4 Bd7 $146 ({Predecessor:} 9... f5 10. Qf3 h5 11. Nh3 Qa4 12. Nf4 Qe8 13. Be2 g6 14. Qg3 Ne7 15. Qg5 Qf7 {1-0 (34) Koziol,K (2187)-Kozlowski,T (1884) Poznan 2015}) 10. Rh3 {White is slightly better.} Ne7 11. h5 Qa4 $2 {[#]} (11... h6 $1 $11 {and Black stays safe.}) 12. h6 $18 g6 (12... gxh6 $142 13. Bxh6+ Ke8) 13. Kd1 Nbc6 14. Bg5 Nf5 $2 (14... Qa5 {was called for.} 15. Qf4 Ke8) 15. Qf4 b5 16. g4 b4 17. gxf5 gxf5 18. cxb4 Rb8 19. Rb1 a5 20. Bf6 Rg8 21. Bg7+ Ke8 22. b5 Rxb5 23. Rxb5 Qxb5 24. Nf3 Qb2 (24... Kd8 $142 25. Ng5 Qb2) 25. Qc1 Qc3 26. Rg3 Ne7 27. Ng5 Qxd4+ 28. Ke1 {[#] c3 is the strong threat.} f4 $2 (28... Rxg7 29. hxg7 f4) 29. c3 {White is clearly winning.} Qc5 30. Rg4 Nf5 31. Nxh7 {Accuracy: White = 74%, Black = 29%.} 1-0

[Event "Portugal Open 2019"]
[Site "Lisbon"]
[Date "2019.02.02"]
[Round "1.14"]
[White "Bouton, Christophe"]
[Black "Iniyan, P."]
[Result "0-1"]
[WhiteElo "1988"]
[BlackElo "2480"]
[Annotator "TA"]
[PlyCount "86"]
[EventDate "2019.01.25"]
[EventType "swiss"]
[EventCountry "POR"]
[SourceTitle "playchess.com"]
[Source "ChessBase"]
[SourceQuality "1"]

{[%evp 24,86,0,-7,-12,-12,11,11,16,-31,-28,-42,-23,-102,-42,-23,-32,-36,-33,-37,-16,-31,-37,-19,0,-174,-176,-174,-176,-206,-193,-578,-500,-566,-484,-541,-517,-29968,-29970,-5280,-4778,-29977,-29978,-29977,-29963,-29964,-1258,-29965,-29961,-29959,-29962,-5229,-5226,-5226,-5214,-29995,-29996,-29996,-29997,-29997,-29998,-29998,-29998,-29998,-29999]} 1. d4 $146 (1. e4 g6 2. d4 Bg7 3. Nf3 d6 4. Be2 Nd7 5. O-O e5 6. c4 Ngf6 7. Nc3 {½-½ (82) Guliyev,N (2526)-Bologan,V (2700) Warsaw 2005}) ({Predecessor:} 1. c4 Nf6 2. Nf3 g6 3. Nc3 Bg7 4. e4 d6 5. d4 {1-0 (76) Bobadilla Viera,J (2329)-Tomas Falcon,J (2152) Villa Martelli 2018}) 1... Nf6 2. Nf3 g6 3. c4 Bg7 4. Nc3 O-O 5. e4 d6 6. Be2 Nbd7 ({Predecessor:} 6... e5 7. O-O Na6 8. d5 {1-0 (76) Bobadilla Viera,J (2329)-Tomas Falcon,J (2152) Villa Martelli 2018}) 7. O-O e5 8. d5 Nc5 9. Qc2 a5 10. Bg5 h6 11. Bh4 g5 12. Bg3 Nh5 13. Nd2 g4 {E94: King's Indian: Classical: 6 Be2 e5 7 0-0: Various Black 7th moves} (13... Nf4 14. Rfe1 f5 15. exf5 Bxf5 16. Nde4 Nxe4 17. Nxe4 Nxe2+ 18. Qxe2 g4 19. f3 gxf3 20. gxf3 Qd7 21. Kh1 {½-½ (82) Guliyev,N (2526)-Bologan,V (2700) Warsaw 2005}) 14. Nb3 b6 ({Predecessor:} 14... Nf4 15. Nxc5 dxc5 16. f3 f5 17. exf5 Bxf5 18. Ne4 h5 19. fxg4 hxg4 20. Rae1 Ra6 21. Bd3 {1-0 (76) Bobadilla Viera,J (2329)-Tomas Falcon,J (2152) Villa Martelli 2018}) 15. Nxc5 bxc5 {The position is equal.} 16. Qd1 Qg5 17. h4 Qg6 18. Nb5 (18. Bd3 $1 $11) 18... Rb8 (18... Nxg3 $17 19. fxg3 Qxe4) 19. Bd3 $15 Nf4 20. a4 Nxd3 21. Qxd3 f5 22. exf5 $1 Bxf5 23. Qd2 Bd3 $36 {[%mdl 2112] Double Attack. White is under pressure.} 24. b3 $2 (24. Qxa5 $11 Bxf1 25. Rxf1) 24... Bxf1 $19 25. Rxf1 Rf7 26. Qxa5 Qd3 27. Nxc7 $2 (27. Qe1 {is a better chance.}) 27... e4 $1 {Threatens to win with ...e3.} 28. Ne6 e3 $1 {[%cal Re3e2]} 29. Nxg7 Kxg7 30. Bxd6 (30. Qa6 $19 Rxb3 31. Qc8 Qxc4 32. Qe6 exf2+ {[%mdl 64] Overworked Piece} 33. Rxf2 Rxf2 34. Bxf2 Qc1+ 35. Kh2 Qf4+ {[%mdl 64] Double Attack} 36. Kg1 Qc1+ 37. Kh2 Qf4+ {[%mdl 64] Double Attack} 38. Kg1) 30... exf2+ 31. Rxf2 Rxf2 32. Qc7+ Kg6 33. Kxf2 {[%mdl 4096] Endgame KQR-KQB} Qd2+ 34. Kf1 Qc1+ (34... Qd1+ $142 35. Kf2 g3+ $1 {[%mdl 576] Deflection, Decoy} 36. Kxg3 Qe1+ 37. Kh2 Qxh4+ 38. Kg1 Rxb3 39. Qb8 Rxb8 40. Bxb8 Qxc4 {[%mdl 64] Double Attack} 41. Bc7 Qxd5 42. Bg3 c4 43. Kf2 Kf5 44. Bb8 Qd2+ 45. Kf3 Qd3+ 46. Kf2 Qc2+ 47. Kf3 Qc3+ 48. Ke2 Qb2+ 49. Ke3 Qc3+ 50. Kf2 Qd2+ 51. Kf3 Qd3+ 52. Kf2 Qd2+) 35. Kf2 {[#]} g3+ $1 {[%mdl 576] Deflection, Decoy} 36. Kxg3 (36. Bxg3 Rf8+) 36... Qe1+ 37. Kh2 Qxh4+ 38. Kg1 Rxb3 {[%cal Rb3b1]} 39. g3 Rb1+ {Black mates.} 40. Kf2 Qh2+ 41. Ke3 Rb3+ 42. Ke4 Qe2+ 43. Kf4 Qf3+ {Accuracy: White = 33%, Black = 65%.} 0-1

[Event "Portugal Open 2019"]
[Site "Lisbon"]
[Date "2019.02.02"]
[Round "1.15"]
[White "Bilguun, Sumiya"]
[Black "Fidalgo, Daniel Neves"]
[Result "1-0"]
[WhiteElo "2471"]
[BlackElo "1981"]
[Annotator "TA"]
[PlyCount "63"]
[EventDate "2019.01.25"]
[EventType "swiss"]
[EventCountry "POR"]
[SourceTitle "playchess.com"]
[Source "ChessBase"]
[SourceQuality "1"]

{[%evp 28,63,44,45,43,43,52,39,50,52,45,0,0,-14,35,13,13,0,59,16,122,117,154,171,165,164,198,201,318,123,131,110,111,-79,29995,29996,29996,29997]} 1. e4 $146 ({Predecessor:} 1. d4 e6 {½-½ (51) Khismatullin,D (2651)-Zaharov,S (2140) Khanty-Mansiysk 2010}) 1... e6 2. d4 d5 3. Nd2 ({Predecessor:} 3. Nc3 Nf6 4. e5 Nfd7 5. Nce2 c5 6. c3 Nc6 7. f4 Qb6 8. Nf3 Be7 9. g3 cxd4 {½-½ (51) Khismatullin,D (2651)-Zaharov,S (2140) Khanty-Mansiysk 2010}) 3... Nf6 4. e5 Nfd7 5. c3 c5 6. f4 Nc6 7. Ndf3 Qb6 8. g3 cxd4 9. cxd4 Be7 10. Ne2 O-O 11. Bh3 f6 12. Bxe6+ Kh8 13. exf6 Nxf6 14. Bxc8 Raxc8 15. O-O Ne4 {C05: French Tarrasch: 3...Nf6 4 e5 Nfd7, 5 f4 and 5 Bd3 sidelines} 16. Kg2 ({Predecessor:} 16. Rb1 Bf6 {½-½ (51) Khismatullin,D (2651)-Zaharov,S (2140) Khanty-Mansiysk 2010}) 16... Bf6 17. Rb1 Qa6 {White is slightly better.} ({Predecessor:} 17... Rc7 18. Be3 Re8 19. Bg1 Qa6 20. Nc1 Rec8 21. Qd3 Qb6 22. a3 Na5 23. Ne2 {½-½ (51) Khismatullin,D (2651)-Zaharov,S (2140) Khanty-Mansiysk 2010}) 18. a3 Na5 19. Be3 Nc4 20. Bg1 Rfe8 21. Re1 Qb6 22. Nc3 Nxc3 (22... Nxb2 $11 23. Qc2 Qa5) 23. bxc3 {[%cal Bb2c3,Bc3c4][%mdl 32]} Qa6 (23... Rxe1 $11 {keeps the balance.} 24. Qxe1 Qc6) 24. Ne5 $16 Nxa3 25. Ra1 {Hoping for Qb3.} Qb6 26. Qa4 {White wants to mate with Nf7+.} Nb5 {[#]} 27. c4 $1 {[%cal Rc4c5]} Nd6 (27... Nc7 $142 28. Rab1 Qa6 29. Qxa6 bxa6) 28. Nf7+ $2 (28. Qxa7 Qxa7 29. Rxa7 dxc4 $11) ({Not} 28. cxd5 Qb5 $16) (28. c5 $18 {has better winning chances.} Qb2+ 29. Kh3) 28... Kg8 {White must now prevent ...Rxe1.} 29. Nxd6 $40 {[%mdl 128] White is out for blood.} Rxe1 30. Qd7 $2 (30. Rxe1 $16 {is forced if you want to stay better. Intending Re8+ and mate.} Qxd6 31. c5 (31. Qxa7 Qb4 $15 {[%mdl 64] Double Attack})) 30... Rxa1 $4 {[%mdl 8192] [#]} (30... Re2+ $17 31. Kf1 Rc7) 31. Qxc8+ Qd8 32. Qe6+ {[%mdl 64] Double Attack. Accuracy: White = 52%, Black = 25%.} 1-0

[Event "Portugal Open 2019"]
[Site "Lisbon"]
[Date "2019.02.02"]
[Round "1.16"]
[White "Mendes, Modeste"]
[Black "Miezis, Normunds"]
[Result "0-1"]
[WhiteElo "1981"]
[BlackElo "2467"]
[Annotator "TA"]
[PlyCount "126"]
[EventDate "2019.01.25"]
[EventType "swiss"]
[EventCountry "POR"]
[SourceTitle "playchess.com"]
[Source "ChessBase"]
[SourceQuality "1"]

{[%evp 9,126,7,14,0,8,0,6,0,7,11,31,32,38,12,16,17,17,8,13,14,15,-14,6,10,6,16,33,3,27,25,29,20,24,22,32,39,82,77,94,81,100,58,83,51,84,-77,-63,-74,-68,-64,-75,-129,-110,-142,-130,-184,-144,-196,-193,-172,-147,-235,-141,-161,-123,-122,-95,-171,-91,-109,-99,-165,-152,-241,-192,-164,-162,-334,-311,-334,-321,-542,-540,-530,-493,-463,-438,-689,-683,-657,-597,-558,-505,-476,-297,-436,-185,-370,-252,-874,-874,-866,-871,-870,-870,-985,-996,-983,-863,-856,-808,-29963,-29963,-29962,-29969,-29966,-29957,-12833,-7263]} 1. d4 Nf6 2. Nf3 $146 (2. c4 e6 {½-½ (14) Stupak,K (2535)-Moiseenko,A (2663) Gjakova 2016}) ({Predecessor:} 2. c4 e6 {½-½ (25) Vorobjev,A (2099)-Korchut,A (2000) LSS email 2010}) 2... e6 3. c4 Bb4+ 4. Bd2 c5 ({Predecessor:} 4... Qe7 5. e3 Bxd2+ 6. Nbxd2 d6 7. Bd3 c5 8. O-O O-O {½-½ (25) Vorobjev,A (2099)-Korchut,A (2000) LSS email 2010}) 5. a3 Bxd2+ 6. Nbxd2 {E11: Bogo-Indian} (6. Qxd2 cxd4 7. Nxd4 O-O 8. Nc3 d5 9. e3 dxc4 10. Bxc4 Bd7 11. O-O Nc6 12. Rfd1 Nxd4 13. Qxd4 Bc6 14. Qxd8 {½-½ (14) Stupak,K (2535)-Moiseenko,A (2663) Gjakova 2016}) 6... d6 7. e3 O-O 8. Bd3 {The position is equal.} Qe7 9. O-O e5 ({Predecessor:} 9... Nc6 10. h3 b6 11. Qc2 Bb7 12. Rac1 Rfe8 13. Be2 Rac8 14. Rfe1 {½-½ (25) Vorobjev,A (2099)-Korchut,A (2000) LSS email 2010}) 10. Qc2 Re8 {...e4 is the strong threat.} 11. Ne4 {White wants to play Nxf6+.} Nbd7 12. dxc5 dxc5 13. Rfd1 Nxe4 14. Bxe4 Nf6 15. h3 g6 16. Bd5 e4 17. Nd2 Qe5 18. Nf1 Rb8 19. Ng3 Re7 20. b4 b6 21. Rab1 cxb4 22. axb4 Kg7 23. Rd4 Bf5 24. Rbd1 Rc8 25. Ne2 h5 26. R4d2 h4 27. Nd4 $2 (27. Qa4 $16) 27... Bxh3 $1 $17 28. gxh3 {And now Qb2 would win.} Nxd5 29. Qb3 Nf6 30. Kg2 ({White should try} 30. b5) 30... Qh5 31. Kh2 Nh7 32. Ne2 (32. Rg1 $17) 32... Qe5+ 33. Kg2 (33. Nf4 $17) 33... Rec7 $19 34. Rd4 Qg5+ 35. Kh2 (35. Kf1 $17) 35... Nf6 36. Nf4 Kh7 37. Qa2 Qf5 38. Qe2 (38. Qa1 $17 Qe5 39. Rd6 Qxa1 40. Rxa1) 38... Qe5 (38... Nd7 $1 $19 {[%cal Rd7e5]} 39. Nd5 Rxc4 $1 {[%mdl 512]} 40. Rxc4 Rxc4) 39. Kh1 Rc6 40. Rg1 (40. Nd5 $17) 40... Qf5 {Strongly threatening ...g5.} 41. Kh2 (41. Kg2 $17) 41... a5 42. bxa5 bxa5 43. Qa2 $2 (43. Nd5) 43... g5 44. Nd5 {[#]} Nd7 $1 {[%cal Bf6d7,Bd7e5,Be5f3][%mdl 32] White must now prevent ...Ne5.} 45. Qc2 $2 (45. Rg4 {was called for.} Re8 46. Nc3) 45... Ne5 46. Rxe4 Nf3+ 47. Kg2 {[#] aiming for Ne7.} Re8 $1 {[%mdl 512]} 48. Rxe8 (48. Qd1 $142 Rxe4 49. Qxf3 Qxf3+ 50. Kxf3 Rexc4 51. Rxg5) 48... Qxc2 49. Kxf3 Qf5+ {[%mdl 64] Double Attack} 50. Kg2 Rxc4 51. e4 Qg6 52. Re1 (52. Re5 $142 Rxe4 53. Ne7 Rxe5 54. Nxg6 Kxg6 55. Ra1) 52... Rd4 (52... g4 $142 {Hoping for ...Rc2.} 53. Rg8 gxh3+ 54. Kxh3 {[#]} Rc3+ $1 {[%mdl 512]} 55. Nxc3 Kxg8) 53. Ne7 $2 (53. Re3 {was worth a try.}) 53... Qe6 54. Nf5 $2 (54. Nd5 Qa6 55. Re5) 54... Qxe8 55. Nxd4 {[%mdl 4096] Endgame KQ-KRN} a4 {[%cal Ba5a4,Ba4a3,Ba3a2][%mdl 32]} 56. Nf3 Kg6 57. Re3 Qe7 58. Nd4 Qc5 59. Ne2 a3 60. Rc3 Qb4 61. Rc6+ Kg7 62. Kf3 a2 63. Ra6 Qb2 {Accuracy: White = 28%, Black = 49%.} 0-1